Logistics spectrum

Bibliographic Details
Corporate Author: Society of Logistics Engineers
Format: Electronic Journal
Language:English
Published: [Huntsville, Ala., etc.], Society of Logistics Engineers.
Subjects:
Online Access:Full text available from Research Library: 11/01/1996 to 07/31/2010

MARC

LEADER 00000nas a22000001 4500
001 ssj0012624
003 WaSeSS
005 20200512172242.0
006 m d
007 cr n
008 770725c19679999aluqr p s 0 a0eng
010 |a  72023053  
016 7 |a 011127662  |2 Uk 
022 |l 0024-5852  |y 0024-5852 
032 |a 748050  |b USPS 
035 |a (WaSeSS)ssj0012624 
037 |b Dir. of Publications, SLE, Suite 922, Park Plaza, 303 Williams Ave., Huntsville, AL 35801 
040 |a DLC  |b eng  |c DLC  |d NSD  |d AIP  |d NSD  |d NST  |d OCLCQ  |d UKMGB  |d OCLCO  |d OCLCF  |d OCLCQ  |d WaSeSS 
042 |a pcc  |a nsdp 
050 0 0 |a U168  |b .L63 
082 0 |a 355.4/1/05 
210 0 |a Logist. spectr. 
222 0 |a Logistics spectrum 
245 0 0 |a Logistics spectrum  |h [electronic resource]. 
260 |a [Huntsville, Ala., etc.],  |b Society of Logistics Engineers. 
310 |a Quarterly 
362 0 |a v. 1- Sept. 1967- 
506 |a License restrictions may limit access. 
550 |a Journal of the Society of Logistics Engineers. 
650 0 |a Logistics  |v Periodicals. 
650 7 |a Logistics.  |2 fast  |0 (OCoLC)fst01002084 
655 0 |a Electronic journals. 
710 2 |a Society of Logistics Engineers. 
850 |a IaAS  |a NcRS 
856 4 0 |z Full text available from Research Library: 11/01/1996 to 07/31/2010  |u https://search.proquest.com/publication/36152